书目信息 |
| 题名: |
誉印铁笔字
|
|
| 作者: | 王光福 | |
| 分册: | ||
| 出版信息: | 上海书画出版社 1988.05 |
|
| 页数: | 110页 | |
| 开本: | 32开 | |
| 丛书名: | ||
| 单 册: | ||
| 中图分类: | J292.19 | |
| 科图分类: | ||
| 主题词: | 书法--中国 , 篆刻--中国 | |
| 电子资源: | ||
| ISBN: | ||
| 000 | 00511nam0 2200193 45 | |
| 001 | 9911301546 | |
| 005 | 19991130154118.5 | |
| 010 | @d1.12 | |
| 100 | @a19991130d1988 km y0chiy0120 ea | |
| 101 | @achi | |
| 105 | @a z 000yy | |
| 200 | 1 | @a誉印铁笔字@AYu Yin Tie Bi Zi@f王光福@FWang Guang Fu |
| 210 | @c上海书画出版社@d1988.05 | |
| 215 | @a110页@c无图表@d32开 | |
| 606 | 0 | @a书法@x中国 |
| 606 | 0 | @a篆刻@x中国 |
| 690 | @aJ292.19@v3 | |
| 801 | @aCN@bPerfectUser@c19991130 | |
| 905 | @aBZT@b23372@f3@dJ292.19@e1 | |
| 誉印铁笔字/王光福.-上海书画出版社,1988.05 |
| 110页:无图表;32开 |
| ISBN :1.12 |
| ● |
| 相关链接 |
|
|
|
正题名:誉印铁笔字
索取号:J292.19/1
 
预约/预借
| 序号 | 登录号 | 条形码 | 馆藏地/架位号 | 状态 | 备注 |
| 1 | 23372 | 200420552 | 中心书库中库/ 中库018架A面5列3层11/ [索取号:J292.19/1] | 在馆 | |
| 2 | 44991 | 200411063 | 中心书库中库/ 中库018架B面1列6层5/ [索取号:J292.19/1] | 在馆 |